| 000 | 00863nam a2200217 a 4500 | ||
|---|---|---|---|
| 003 | 0 | ||
| 005 | 20250610083235.0 | ||
| 008 | 021115s19uu xx 00 eng d | ||
| 050 |
_aPGS HQ 784.T4 _b.C744 1999 |
||
| 100 | _aConcepcion, Mary Concepcion Lim. | ||
| 245 |
_aA survey on the TV viewing programs of grade three students of Southville International School / _cMary Concepcion Lim Concepcion. |
||
| 260 |
_aLas PiƱas City, Philippines : _bSouthville International School and Colleges, _c1999. |
||
| 300 |
_a24 pages : _billustrations ; _c28 cm. |
||
| 504 | _aIncludes bibliographical references. | ||
| 650 | _aTelevision and children. | ||
| 650 |
_aTelevision viewers _vJuvenile. |
||
| 650 |
_aTelevision programs _vJuvenile audiences. |
||
| 650 |
_aTelevision _vPsychological aspects. |
||
| 650 |
_aMedia consumption _vChildren. |
||
| 942 |
_2lcc _cPASS |
||
| 999 |
_c96185 _d96185 |
||